| 000 | 00390cam a22001217a 4500 | ||
|---|---|---|---|
| 008 | 180718b1977 xxu||||| |||| 00| 0 eng d | ||
| 082 | _aF51x5408 Sh23 | ||
| 100 | _aSharma, Dhirendra | ||
| 245 |
_aJanata (people's) struggle: the finest hour of the Indian poeple _cby Dhirendra Sharma |
||
| 260 |
_aDelhi _bPhilosophy & Social Action _c1977 |
||
| 300 | _a394p. | ||
| 650 | _aJanata Party - India | ||
| 999 |
_c354352 _d354352 |
||